[Event "Avoine op 20th"]
[Site "Avoine"]
[Date "2005.07.24"]
[Round "1"]
[White "Piat, Jerome P"]
[Black "Danzanvilliers, Serge"]
[Result "1-0"]
[WhiteElo "2151"]
[BlackElo "2023"]
[PlyCount "79"]
[EventDate "2005.07.23"]
[EventType "swiss"]
[EventRounds "9"]
[EventCountry "FRA"]
[SourceTitle "EXT 2007"]
[Source "ChessBase"]
[SourceDate "2006.11.23"]
[SourceVersion "1"]
[SourceVersionDate "2006.11.23"]
[SourceQuality "1"]

1. e4 d6 2. d4 Nf6 3. Nc3 g6 4. f4 Bg7 5. Nf3 c5 6. d5 0-0 7. Bd3 Bg4 8. 0-0 Na6 9. Qe1 Nc7 10. Qh4 Bd7 11. a4 Rb8 12. Bd2 a6 13. a5 Bb5 14. Nxb5 axb5 15. c3 c4 16. Bc2 Na6 17. Nd4 Nc5 18. Rae1 Ra8 19. Rf3 e5 20. Nxb5 Rxa5 21. Na3 b5 22. fxe5 dxe5 23. Ref1 Ncd7 24. Bd1 Nh5 25. Qxd8 Rxd8 26. Nc2 Rf8 27. Bg5 f6 28. Be3 g5 29. g3 Bh8 30. Nb4 Ng7 31. R3f2 Ne8 32. Bg4 Rf7 33. Nc6 Ra8 34. Bxg5 Nd6 35. Be6 Nxe4 36. Bh6 Bg7 37. Bxg7 Nxf2 38. Bh6 Ng4 39. Bxg4 Kh8 40. Be6 1-0

[Event "FRA-chT4 0405"]
[Site "Franconville"]
[Date "2004.02.01"]
[Round "5.6"]
[White "Jego, Eric"]
[Black "Danzanvilliers, Serge"]
[Result "1-0"]
[WhiteElo "1800"]
[BlackElo "1890"]
[PlyCount "35"]
[EventDate "2004.10.10"]
[EventType "team"]
[EventRounds "7"]
[EventCountry "FRA"]
[SourceTitle "EXT 2007"]
[Source "ChessBase"]
[SourceDate "2006.11.23"]
[SourceVersion "1"]
[SourceVersionDate "2006.11.23"]
[SourceQuality "1"]

1. d4 d5 2. c4 c6 3. Nc3 Nf6 4. Nf3 dxc4 5. e3 b5 6. a4 a6 7. axb5 cxb5 8. Nxb5 Bd7 9. Nc3 Nc6 10. Bxc4 Qc8 11. Qe2 a5 12. 0-0 Bg4 13. Bb5 Nd7 14. h3 Bh5 15. Bd2 Qb7 16. Rfc1 f6 17. Na4 Rc8 18. Ba6 1-0